<?xml version="1.0" encoding="UTF-8"?>
<collection xmlns="http://www.loc.gov/MARC21/slim">
  <record>
    <leader>00000nam  2200000   4500</leader>
    <controlfield tag="001">INLIS000000000018536</controlfield>
    <controlfield tag="005">20241121022306</controlfield>
    <datafield tag="035" ind1="#" ind2="#">
      <subfield code="a">0010-1124000202</subfield>
    </datafield>
    <controlfield tag="007">ta</controlfield>
    <controlfield tag="008">241121###########################0######</controlfield>
    <datafield tag="245" ind1="#" ind2="#">
      <subfield code="a">MANSOR PRO :</subfield>
      <subfield code="b">Penyesuaian Dokumen Rencana Pembelajaran Semester (RPS) Dan Penyusunan Modul Pembelajaran Manajemen Proyek /</subfield>
      <subfield code="c">Fervin Mayos Likumahwa, S.T., M.T</subfield>
    </datafield>
    <datafield tag="260" ind1="#" ind2="#">
      <subfield code="a">Makassar :</subfield>
      <subfield code="b">Puslatbang KMP RI LAN Makassar,</subfield>
      <subfield code="c">2024</subfield>
    </datafield>
    <datafield tag="300" ind1="#" ind2="#">
      <subfield code="a">24 ;</subfield>
      <subfield code="c">30</subfield>
    </datafield>
    <datafield tag="650" ind1="#" ind2="4">
      <subfield code="a">Penyesuaian Dokumen Rencana Pembelajaran Semester (RPS) Dan Penyusunan Modul Pembelajaran Manajemen Proyek</subfield>
    </datafield>
    <datafield tag="700" ind1=" " ind2="#">
      <subfield code="a">Prof. Dedi Iskandar Inan, S.T., M.T., Phd (Mentor)</subfield>
    </datafield>
    <datafield tag="700" ind1=" " ind2="#">
      <subfield code="a">Zul Chaidir,S.SOS.,M.PA (Coach)</subfield>
    </datafield>
    <datafield tag="520" ind1="#" ind2="#">
      <subfield code="a">Laporan aktualisasi ini disusun sebagai bagian dari Pelatihan Dasar Calon Pegawai Negeri Sipil (CPNS) di lingkungan Universitas Papua. Kegiatan ini bertujuan untuk mengimplementasikan nilai-nilai dasar ASN, yaitu BerAKHLAK (Berorientasi Pelayanan, Akuntabel, Kompeten, Harmonis, Loyal, Adaptif, Kolaboratif) dalam pelaksanaan tugas di unit kerja. Fokus utama laporan ini adalah optimalisasi pembelajaran mata kuliah Manajemen Proyek pada Program Studi D3 Teknik Listrik dengan penyesuaian dokumen Rencana Pembelajaran Semester (RPS) dan penyusunan modul pembelajaran yang lebih sesuai dengan kebutuhan dunia industri dan perkembangan teknologi terbaru.&#13;
&#13;
Proses aktualisasi ini melibatkan analisis permasalahan utama yang dihadapi dalam proses perkuliahan, termasuk keterbatasan akses sumber daya dan kurangnya penyesuaian materi ajar dengan kebutuhan dunia industri. Langkah-langkah yang dilakukan meliputi pengumpulan referensi, koordinasi dengan tim pengembangan kurikulum, tim pengampu mata kuliah, penyesuaian dokumen RPS, dan penyusunan modul pembelajaran. Implementasi kegiatan ini diharapkan dapat meningkatkan kualitas pendidikan, memperkuat kompetensi lulusan, serta mendukung pencapaian visi dan misi Universitas Papua dalam menghasilkan tenaga profesional yang kompeten dan siap bersaing di dunia kerja.&#13;
&#13;
Melalui penyesuaian ini, diharapkan proses pembelajaran mata kuliah Manajemen Proyek dapat berjalan lebih terstruktur, relevan, dan efektif, sehingga mampu mencetak lulusan yang memiliki keterampilan manajerial dan teknis yang dibutuhkan dalam dunia industri teknik listrik.</subfield>
    </datafield>
    <datafield tag="856" ind1="#" ind2="#">
      <subfield code="a">PUSLATBANG KMP LAN RI Makassar</subfield>
    </datafield>
  </record>
</collection>
